| 000 | 00497nam a2200169Ia 4500 | ||
|---|---|---|---|
| 008 | 180921t2020 xxu||||| |||| 00| 1 sin d | ||
| 041 | _asin | ||
| 080 |
_aX8සි31 _bහේවගේ |
||
| 100 | _aහේවගේ, සුජිත් නිශාන්ත | ||
| 245 | _aනිංගිරාව 1 | ||
| 246 | _aNingirawa 1 | ||
| 260 |
_bගොඩගේ _aකොළඹ _c2020 |
||
| 300 | _aපි.464, සෙ.මි.21 | ||
| 942 | _cBK | ||
| 999 |
_c9167 _d9167 |
||
| 003 | LK-CoDNM | ||
| 040 |
_aLK-CoDNM _dLK-CoDNM _eLK-CoDNM |
||